Halo Wars all units - Statistics

General Stats
  • This quiz has been taken 46 times
  • The average score is 26 of 39
Answer Stats
Hint Answer % Correct
Covenant Grunt Squad
94%
UNSC Hornet
94%
UNSC Marines
94%
Covenant Brute
91%
Covenant Elite Honour Guard
91%
UNSC Scorpion
91%
Covenant Ghost
88%
UNSC Grizzly
88%
Covenant Scarab
88%
UNSC Spartan-II
88%
UNSC Warthog
88%
Covenant Banshee
84%
UNSC ODST's
84%
Covenant Jackal
78%
UNSC Vulture
78%
UNSC Wolverine
78%
Covenant Wraith
78%
UNSC Elephant
75%
UNSC Hellbringers
75%
Covenant The Arbiter
75%
UNSC Cyclops
72%
UNSC Gremlin
72%
Covenant Hunter
72%
Covenant Locust
69%
Covenant Vampire
69%
UNSC Cobra
66%
Covenant Engineer
66%
Covenant Brute Chopper
63%
UNSC Hawk
59%
Covenant The Prophet of Regret
59%
UNSC Pelican
56%
Covenant Suicide Grunt
56%
Covenant Brute Chieftan
41%
UNSC Gauss Hog
31%
Covenant Spirit Transport
31%
UNSC Rhino
22%
UNSC Shortsword Bomber
13%
UNSC Darter
3%
UNSC Heron
0%
No matching quizzes found
Score Distribution
Percent of People with Each Score
Percentile by Number Answered
Your Score History
You have not taken this quiz